Datum a čas kvízu
25
Celkem bodů
Celkový počet nahraných bodů na tomto kvízu bez doplňovacích otázek.
8.
Pořadí na kvízu
Konečné umístění týmu na tomto kvízu.
Zaznamenané odpovědi
| # | Otázka | Odpověď | Body | Výsledky |
|---|---|---|---|---|
| 1. | V Praze minulý týden skončila... | Negrelliho viadukt | 1 | |
| 2. | Násilná smrt George Floyda ods... | Minneapolis | 1 | |
| 3. | Minulý pátek začal mezinárodní... | Adéla ještě nevečeřela | 0 | |
| 4. | Který z našich mobilních operá... | Vodafone | 0 | |
| 5. | Magazín Forbes zveřejnil žebří... | Roger Federer | 0 | |
| 6. | Napište výraz čítající osm pís... | nanismus | 0 | |
| 7. | Tohoto muže nejvíce proslavila... | Peter Dinklage | 1 | |
| 8. | Mezi hlavní postavy Pevnosti B... | Paklíč a Pačes | 0.5 | |
| 9. | Příběh o Sněhurce jistě nemusí... | Šmudla, Kejchal | 1 | |
| 10. | Nejznámější trpasličí planetou... | Hydra | 0 |